Špecifické aspekty fúzií, akvizícií a financovania v oblasti energetiky v čase expanzívnej monetárnej politiky ECB

Financovanie fúzií a akvizícií je dlhodobo stredobodom záujmu trhu v oblasti predaja strategických podielov v energetických firmách, ktoré pôsobia na danom trhu. Fúzie akvizície a nepriateľské prevzatia LBO (Leverage Buy Out). Koncentrácia vlastníctva energetických spoločností v rukách jednotlivcov.

Saved in:
Bibliographic Details
Main Author: Pavelka, Ľuboš, 1962-
Format: Book Chapter
Language:Slovak
Subjects:
Tags: Add Tag
No Tags, Be the first to tag this record!

MARC

LEADER 00000naa$a2200000$$$4500
001 0226274
005 20240502073722.5
041 0 |a slo 
044 |a SK 
245 1 0 |a Špecifické aspekty fúzií, akvizícií a financovania v oblasti energetiky v čase expanzívnej monetárnej politiky ECB  |c Ľuboš Pavelka 
520 |a Financovanie fúzií a akvizícií je dlhodobo stredobodom záujmu trhu v oblasti predaja strategických podielov v energetických firmách, ktoré pôsobia na danom trhu. Fúzie akvizície a nepriateľské prevzatia LBO (Leverage Buy Out). Koncentrácia vlastníctva energetických spoločností v rukách jednotlivcov. 
610 2 0 |a fúzie 
610 2 0 |a akvizícia 
610 2 0 |a spoločnosti finančné 
610 2 0 |a koncentrácia kapitálu 
610 2 0 |a združovanie prostriedkov 
610 2 0 |a integrácia 
610 2 0 |a spoločnosti 
610 2 0 |a energetika 
100 1 |a Pavelka, Ľuboš, 1962-